Countries that Start and End with the Same Letter - Statistics

General Stats
  • This quiz has been taken 65 times
  • The average score is 8 of 14
Answer Stats
Answer % Correct
Australia
86%
Albania
81%
Armenia
79%
Algeria
75%
Austria
74%
Argentina
72%
Angola
60%
Andorra
58%
Antigua and Barbuda
53%
Solomon Islands
40%
Saint Kitts and Nevis
32%
Seychelles
32%
Central African Republic
21%
Saint Vincent and Grenadines
2%
No matching quizzes found
Score Distribution
Percent of People with Each Score
Percentile by Number Answered
Your Score History
You have not taken this quiz